000 00699nam a2200229 i 4500
001 C2-0137962
003 PPAK
005 20180727124515.0
008 971222s1994 my |||| ||||| | eng d
040 _aPPAK
_beng
_cPPAK
_erda
082 0 4 _a337
_223
090 0 0 _a337
_bTHO
_dKK
100 1 _aThomson, William R.,
_eauthor
245 1 0 _aIndonesia - Malaysia - Thailand Growth triangle project :
_bsenior officials' meeting
264 1 _aMedan, Indonesia :
_b[publisher not identified] ,
_c1994
300 _a150 pages ;
_c30 cm
336 _2rdacontent
_atext
337 _2rdamedia
_aunmediated
338 _2rdacarrier
_avolume
650 1 0 _aInternational economic relation
942 _ddc
_cB
999 _c43267
_d43267